Personnages de l'île des défis extrême - Statistiques

Statistiques générales
  • Ce quiz a été pris 38 fois
  • Le résultat moyen est 17 sur 22
Statistiques - réponses
Réponse % Correct
Gontran
94%
Hugo
94%
Joëlle
88%
Marilou
88%
Ezekiel
84%
Brigitte
81%
DJ
81%
Harold
81%
Loic
81%
Tania
81%
Audrey
78%
Lucas
78%
Justin
75%
Simon
75%
Jordy
72%
Sandrine
72%
Berthe
69%
Édith
69%
Eva
69%
Leshawna
69%
JF
63%
Katrine
56%
Aucun quiz correspondant
Distribution des résultats
% des personnes avec chaque résultat
Percentile par nombre de réponses
Votre historique - résultats
Vous n’avez pas pris ce quiz